Ιχθυολογία
Αποθηκεύτηκε σε:
| Κύριος συγγραφέας: | |
|---|---|
| Άλλοι συγγραφείς: | |
| Μορφή: | Βιβλίο |
| Γλώσσα: | Greek |
| Δημοσίευση: |
Θεσσαλονίκη :
University Studio Press,
2021.
|
| Έκδοση: | 4η έκδ. |
| Θέματα: | |
| Ετικέτες: |
Προσθήκη ετικέτας
Δεν υπάρχουν, Καταχωρήστε ετικέτα πρώτοι!
|
MARC
| LEADER | 00000cam a2200000 a 4500 | ||
|---|---|---|---|
| 001 | 1/124920 | ||
| 008 | 220524s2021####gr a|||||| |||| ||gre|| | ||
| 020 | |a 9789601225326 | ||
| 040 | |a GR-MyUa |b gre |c GR-MyUa |e AACR2 | ||
| 041 | 0 | |a gre | |
| 082 | 7 | |a 597 |2 (23) | |
| 100 | 1 | |a Νεοφύτου, Νικόλαος Χ. | |
| 245 | 1 | 0 | |a Ιχθυολογία / |c Νικόλαος Χ. Νεοφύτου, Χρίστος Ν. Νεοφύτου. |
| 250 | |a 4η έκδ. | ||
| 260 | |a Θεσσαλονίκη : |b University Studio Press, |c 2021. | ||
| 300 | |a 547 σ. ; |c 24 εκ. | ||
| 504 | |a Περιέχει ευρετήριο. | ||
| 650 | 0 | |a Ichthyology. | |
| 650 | 0 | |a Fishes |x Physiology. | |
| 650 | 0 | |a Freshwater fishes. | |
| 700 | 1 | |a Νεοφύτου, Χρήστος Ν. | |
| 852 | |a INST |b LESVOS |c EUDOXUS |e 20220524 |h 597 ΝΕΟ |p 005100064289 |q 005100064289 |t EDX |y 0 | ||
| 852 | |a INST |b LESVOS |c EUDOXUS |e 20220524 |h 597 ΝΕΟ |p 005100064290 |q 005100064290 |t EDX |y 0 | ||
| 920 | |a Εύδοξος |b Παραγγελία |y Λέσβος-ΤΩΘΒ |z 2022-05 | ||
| 970 | |a Δημάκη |b Μαρία |z 24-05-2022 | ||